000 00916nas a2200265 4500
001 BR8000727
003 BR-BrBNA
005 20231205084124.0
007 ta
008 230509b bl.|||p| |||| 00| 00por d
040 _aBR-BrBNA
_bpor
_cBiblioteca Nacional de Agricultura
041 _a(Pt)
072 _aH20
100 1 _aAlmeida, A.M.R.
245 1 _aLevantamento do virus do mosaico comum e queima do broto, em soja, nas diversas regioes do estado do Parana [Glycine max; Brasil]
246 1 _aSoybean mosaic Virus and bud blight: A survey on their distribution in the state of Parana [Glycine max; Brazil]
650 _aSOJA
650 _aMOSAICO
650 _aQUEIMA DO BROTO
650 _aVIRUS
650 _aPARANÁ
773 0 _tFitopatologia Brasileira (Brazil)
_xISSN 0100-4158
_g(Feb 1980), v. 5(1) p. 125-128
_wBR8000727
909 _a202311
_bLúcia
_c55
_dLúcia Elande
942 _2AGRIS
_n0
_cANA
999 _c103267
_d103267